00690 a2200193 45000010006000000050017000060080041000230030015000640400040000790800039001192450078001580200018002362640039002543000019002935050129003120410008004411000029004497000018004782369420260407155523.0260407a1986 arg spa dAR-UNSa-BCEJYS aAR-UNSa-BCEJYSbspacAR-UNSa-BCEJYS a658.012xMétodos (Management...)10aLa innovación y el empresario innovadorpla práctica y los principios a950-07-0341-6 1aBuenos Aires :bSudamericanac1986 a306 p.c20 cm. a1. La práctica de la innovación - 2. La práctica del empresario innovador - 3. Las estrategia del empresario innovador aspa1 aDrucker, Peter Ferdinand1 aFord, Maricel